| 000 | 00353nam a2200133Ia 4500 | ||
|---|---|---|---|
| 008 | 240624s9999 xx 000 0 und d | ||
| 041 | _aeng | ||
| 082 | _a631.4 BOG | ||
| 100 | _aBOGARD PAUL | ||
| 245 | _aGROUND BENEATH US FROM THE OLDEST CITIES | ||
| 260 |
_c2017 _aNew York _bLittle Brown and Company |
||
| 300 | _aix, 307 p.; 23 cm. | ||
| 365 |
_c _b33 |
||
| 999 |
_c32252 _d32252 |
||